| 000 | 01309nam a2200253 a 4500 | ||
|---|---|---|---|
| 001 | BRCA_7252 | ||
| 005 | 20190320205753.0 | ||
| 008 | 260112s1902----gw-abe####---#000-0#ger-# | ||
| 041 | _ager | ||
| 044 | _agw | ||
| 050 | 4 |
_aF1219 _b.S47 1902 |
|
| 100 | 1 |
_aSeler, Eduard _d1849-1922. _95287 |
|
| 245 | 1 | 0 |
_aGesammelte abhandlungen zur Amerikanischen Sprach- und Alterthumskunde _cvon Eduard Seler. |
| 260 |
_aBerlín _bA. Asher & Co _c1902-1915 |
||
| 300 |
_a5 v. _bil., láminas, mapas, planos _c26 cm. |
||
| 500 | _aExistencias : El ejemplar descrito carece del volúmen 4 | ||
| 500 | _aP1 | ||
| 501 | _aContenido: v.1 Sprachliches. Bilderschriften. Kalender und Hieroglyphenentzifferung .-- v. 2 Zur Geschichte und Volkskunde Meìxico´s. Reisewege und Ruinen. Archaologisches aus Meìxiko. Die religiosen Gesa¨nge der alten Mexikaner. 1904.-- v.3 Geschichtliches. Bilderschriften, Kalendarisches und Mythologie. Ethnographisches und Archaologisches aus Meìxico. Archaologisches und anderes aus den Maya-Landern. 1908.-- v. 5 Aus Nord-und Sudamerika. Weitere Beitrage zur Altherthumskunde Meìxico’s und der Maya-Lander. 1915. | ||
| 650 | 1 | 4 |
_aIndios de México _xIdiomas _917963 |
| 650 | 1 | 4 |
_aManuscritos mexicanos _9781 |
| 651 | 4 |
_aMéxico _xAntiguedades _92765 |
|
| 902 | _aGFM | ||
| 942 |
_2lcc _cB |
||
| 999 |
_c6933 _d6933 |
||